Budúcnosť povolaní

Znalosti namiesto vedomostí. Pracovné trendy tretieho tisícročia. Najžiadanejšie profesie pre najbližšie desaťročie.

Salvato in:
Dettagli Bibliografici
Autore principale: Burák, Emil
Natura: Capitolo di libro
Lingua:slovacco
Soggetti:
Tags: Aggiungi Tag
Nessun Tag, puoi essere il primo ad aggiungerne!!

MARC

LEADER 00000naa a2200000 4500
001 0124443
005 20231120125044.0
041 0 |a slo 
044 |a SK 
245 1 0 |a Budúcnosť povolaní  |c Emil Burák 
520 |a Znalosti namiesto vedomostí. Pracovné trendy tretieho tisícročia. Najžiadanejšie profesie pre najbližšie desaťročie. 
610 2 0 |a trh práce 
610 2 0 |a služby 
610 2 0 |a povolania 
100 1 |a Burák, Emil